000 00654nam a22001937a 4500
008 160712b xxu||||| |||| 00| 0 eng d
020 _a9718686363
082 _22002
_aDFil 364.1323
_b2002
245 _aInvestigating corruption:
_bA do-it-yourself guide/
260 _aPasig City:
_bPCIJ,
_cc2002.
300 _av, 332 pages:
_billustrations;
_c23 cm.
500 _aIncludes references
650 0 _911224
_aCorruption investigation
_zPhilippines
650 0 _911225
_aGovernmental investigation
_zPhilippines
700 _911226
_aCoronel, Sheila S.
_eEditor
700 _911228
_aKalaw-Tirol, Lorna
_eEditor
365 _b335.00
_cPhp.
942 _2ddc
_cDFIL
999 _c3367
_d3367